| 000 -LEADER |
| fixed length control field |
02284cam a22005058i 4500 |
| 001 - CONTROL NUMBER |
| control field |
928488496 |
| 003 - CONTROL NUMBER IDENTIFIER |
| control field |
OCoLC |
| 005 - DATE AND TIME OF LATEST TRANSACTION |
| control field |
20190910130750.0 |
| 008 - FIXED-LENGTH DATA ELEMENTS--GENERAL INFORMATION |
| fixed length control field |
151221t20162007nyu d 000 1 eng |
| 010 ## - LIBRARY OF CONGRESS CONTROL NUMBER |
| LC control number |
2015034428 |
| 020 ## - INTERNATIONAL STANDARD BOOK NUMBER |
| International Standard Book Number |
9781842556375 |
| 035 ## - SYSTEM CONTROL NUMBER |
| System control number |
(OCoLC)928488496 |
| 040 ## - CATALOGING SOURCE |
| Original cataloging agency |
DLC |
| Language of cataloging |
eng |
| Description conventions |
rda |
| Transcribing agency |
DLC |
| Modifying agency |
YDXCP |
| -- |
BTCTA |
| -- |
BDX |
| -- |
OCLCO |
| -- |
OCLCF |
| -- |
OCLCQ |
| -- |
OEM |
| -- |
IK2 |
| -- |
OCLCO |
| -- |
ZHB |
| -- |
ILC |
| -- |
NYP |
| 042 ## - AUTHENTICATION CODE |
| Authentication code |
pcc |
| -- |
lcac |
| 043 ## - GEOGRAPHIC AREA CODE |
| Geographic area code |
e-ur--- |
| 049 ## - LOCAL HOLDINGS (OCLC) |
| Holding library |
NYPP |
| 082 ## - DEWEY DECIMAL CLASSIFICATION NUMBER |
| Classification number |
FIC SED |
| 091 ## - MICROFILM SHELF LOCATION (AM) [OBSOLETE] |
| Microfilm shelf location |
FIC |
| 100 1# - MAIN ENTRY--PERSONAL NAME |
| Personal name |
Sedgwick, Marcus, |
| Relator term |
author. |
| 245 10 - TITLE STATEMENT |
| Title |
Blood red snow white / |
| Statement of responsibility, etc. |
Marcus Sedgwick. |
| 264 #1 - PRODUCTION, PUBLICATION, DISTRIBUTION, MANUFACTURE, AND COPYRIGHT NOTICE |
| Place of production, publication, distribution, manufacture |
London : |
| Name of producer, publisher, distributor, manufacturer |
Orion, |
| Date of production, publication, distribution, manufacture, or copyright notice |
2010 |
| 300 ## - PHYSICAL DESCRIPTION |
| Extent |
304 pages ; |
| Dimensions |
20 cm. |
| 336 ## - CONTENT TYPE |
| Content type term |
text |
| Content type code |
txt |
| Source |
rdacontent. |
| 337 ## - MEDIA TYPE |
| Media type term |
unmediated |
| Media type code |
n |
| Source |
rdamedia. |
| 338 ## - CARRIER TYPE |
| Carrier type term |
volume |
| Carrier type code |
nc |
| Source |
rdacarrier. |
| 500 ## - GENERAL NOTE |
| General note |
Originally published in Great Britain in 2007. |
| 500 ## - GENERAL NOTE |
| General note |
Includes timeline, historical notes, and selected writings of Ransome. |
| 520 ## - SUMMARY, ETC. |
| Summary, etc. |
"A novel based on the life of children's book author Arthur Ransome, who left his home, his wife, and daughter and fell in love with Russia and a Russian woman and was suspected, by both sides, of being a spy"-- |
| Assigning source |
Provided by publisher. |
| 520 ## - SUMMARY, ETC. |
| Summary, etc. |
1917. In a world engulfed by war, Arthur Ransome left his home, his wife, and daughter to travel to Russia. He fell in love with the country, and with Evgenia, a Russian woman. He is suspected by both sides of being a spy, and they seek to use him for their own purposes. As Arthur attempts to establish autonomy, the decisions he faces are the most dangerous and difficult of his life. |
| 600 10 - SUBJECT ADDED ENTRY--PERSONAL NAME |
| Personal name |
Ransome, Arthur, |
| Dates associated with a name |
1884-1967 |
| Form subdivision |
Juvenile fiction. |
| 600 11 - SUBJECT ADDED ENTRY--PERSONAL NAME |
| Personal name |
Ransome, Arthur, |
| Dates associated with a name |
1884-1967 |
| Form subdivision |
Fiction. |
| 650 #0 - SUBJECT ADDED ENTRY--TOPICAL TERM |
| Topical term or geographic name entry element |
Authors |
| Form subdivision |
Juvenile fiction. |
| 650 #7 - SUBJECT ADDED ENTRY--TOPICAL TERM |
| Topical term or geographic name entry element |
JUVENILE FICTION |
| General subdivision |
Love & Romance. |
| 650 #7 - SUBJECT ADDED ENTRY--TOPICAL TERM |
| Topical term or geographic name entry element |
JUVENILE FICTION |
| General subdivision |
Historical |
| -- |
Europe. |
| 650 #7 - SUBJECT ADDED ENTRY--TOPICAL TERM |
| Topical term or geographic name entry element |
JUVENILE FICTION |
| General subdivision |
Action & Adventure |
| -- |
General. |
| 651 #1 - SUBJECT ADDED ENTRY--GEOGRAPHIC NAME |
| Geographic name |
Soviet Union |
| General subdivision |
History |
| Chronological subdivision |
Revolution, 1917-1921 |
| Form subdivision |
Fiction. |
| 655 #7 - INDEX TERM--GENRE/FORM |
| Genre/form data or focus term |
Romance fiction. |
| 655 #7 - INDEX TERM--GENRE/FORM |
| Genre/form data or focus term |
Fairy tales. |
| 856 42 - ELECTRONIC LOCATION AND ACCESS |
| Materials specified |
Cover image |
| Uniform Resource Identifier |
<a href="http://www.netread.com/jcusers2/bk1388/478/9781626725478/image/lgcover.9781626725478.jpg">http://www.netread.com/jcusers2/bk1388/478/9781626725478/image/lgcover.9781626725478.jpg</a> |
| 901 ## - LOCAL DATA ELEMENT A, LDA (RLIN) |
| a |
MARS |
| 901 ## - LOCAL DATA ELEMENT A, LDA (RLIN) |
| a |
pjl |
| b |
CATBL |
| 942 ## - ADDED ENTRY ELEMENTS (KOHA) |
| Source of classification or shelving scheme |
|
| Koha item type |
Books - Fiction |
| 945 ## - LOCAL PROCESSING INFORMATION (OCLC) |
| a |
.b210831947 |
| 946 ## - LOCAL PROCESSING INFORMATION (OCLC) |
| a |
m |